000 00436nam a2200181Ia 4500
001 19948
005 20260306172730.0
008 260306t2006||||xx |||||||||||||| ||spa||
041 _aESP
082 _a341.7
_bP37
100 _aPegoraro, Lucio
_eAUT
245 0 _aIntroducción al derecho público comparado
260 _c2006
300 _a141 páginas :
_c21 cm.
650 _aGEN
654 _aCDE
942 _cLIB
_dJUS
_fJUS
_2ddc
_n
999 _c19948
_d19948